000 00994nam a2200241 4500
003 CO-ViMGA
020 _a9789585808539
040 _aCO-ViMGA
_bspa
_cCO-ViMGA
082 0 4 _aI 591
_bD18m
100 1 _aDauvois, Sophie
_98080
245 1 0 _aMi libro de animales /
_cSophie Dauvois ; ilustraciones y diseño por OKIDO Studio: Alex Barrow, Maggie Li, Rachel Ortas ; asesoramiento científico de Barbara Taylor ; traducido por Teresa Jarrín Rodríguez
260 _aBogotá :
_bFondo Cultural Iberoamericano
300 _a63 páginas :
_bilustraciones en color ; 32 cm
490 _aPlan Nacional de Lectura y Escritura Leer es mi Cuento / Ministerio de Cultura
500 _aDe 4 A 6 Años
650 1 4 _a Libros Ilustrados Para Niños
_987
650 1 4 _aAnimales - Enseñanza
_98081
650 1 4 _aAnimales - Habitos Y Conducta
_95294
700 1 _a Barrow, Alex Li, Maggie
_98082
700 1 _a Jarrín Rodríguez, Teresa,
_etr.
_98083
700 1 _aTaylor, Barbara
_9153
942 _2ddc
_cBK
999 _c7694
_d7694